[Event "Bayern-chTT (RL Sued-Ost)"]
[Site "Bayern 2008/09"]
[Date "2008.11.30"]
[Round "3.2"]
[White "Gesing, Oliver"]
[Black "Eizenhammer, Peter"]
[Result "1-0"]
[WhiteElo "2079"]
[BlackElo "2103"]
[PlyCount "93"]
[EventDate "2009.03.??"]
[EventType "team-tourn"]
[EventRounds "9"]
[WhiteTeam "Gräfelfing 1"]
[BlackTeam "Passau 2"]

1. e4 d6 2. d4 Nf6 3. Nc3 Nbd7 4. f4 e5 5. Nf3 exd4 6. Qxd4 c6 7. Be3 d5 8. e5
Ng4 9. Bg1 Qb6 10. Qxb6 axb6 11. Nd4 Nc5 12. h3 Nh6 13. g4 b5 14. Bg2 Be7 15.
Bf2 f6 16. exf6 gxf6 17. Ndxb5 cxb5 18. Nxd5 Na6 19. Nb6 Rb8 20. Nxc8 Rxc8 21.
Bxb7 Rxc2 22. Bxa6 O-O 23. Bxb5 Bb4+ 24. Kf1 Rd8 25. Be3 Nf7 26. Rc1 Rxb2 27.
Bc4 Bd2 28. Rd1 Kg7 29. Rh2 Bxe3 30. Rxd8 Rxh2 31. Rd7 Bxf4 32. Rxf7+ Kg6 33.
Rd7 Rxh3 34. Bd3+ Kg5 35. Rg7+ Kh4 36. Rxh7+ Kg3 37. Rxh3+ Kxh3 38. Bf5 Kg3 39.
Ke2 Bb8 40. Ke3 Ba7+ 41. Ke4 Bb6 42. a4 Bd8 43. Bc8 Ba5 44. Kd5 Kf4 45. Kc6 Ke5
46. Kb5 Bc7 47. a5 1-0

[Event "Bayern-chTT (RL Sued-Ost)"]
[Site "Bayern 2008/09"]
[Date "2008.11.30"]
[Round "3.4"]
[White "Hofmann, Juergen(59)"]
[Black "Ipfelkofer, Frank"]
[Result "0-1"]
[WhiteElo "2168"]
[BlackElo "2101"]
[PlyCount "86"]
[EventDate "2009.03.??"]
[EventType "team-tourn"]
[EventRounds "9"]
[WhiteTeam "Gräfelfing 1"]
[BlackTeam "Passau 2"]

1. e4 c5 2. Nf3 Nc6 3. d4 cxd4 4. Nxd4 Nf6 5. Nc3 e5 6. Ndb5 d6 7. Bg5 a6 8.
Na3 b5 9. Nd5 Be7 10. Nxe7 Nxe7 11. f3 d5 12. exd5 Nexd5 13. Bxf6 gxf6 14. Qd2
Be6 15. O-O-O Qb6 16. Bd3 Qe3 17. Be4 O-O-O 18. c3 Qxd2+ 19. Rxd2 Ne3 20. Re2
Nc4 21. Nb1 h5 22. b3 Nb6 23. g3 f5 24. Bc2 f6 25. Nd2 h4 26. Nf1 Nd5 27. Kb2
Kb8 28. gxh4 Rc8 29. Rd2 Rxc3 30. Ng3 Rxf3 31. Bxf5 Rxf5 32. Nxf5 Bxf5 33. Rxd5
Be4 34. Rhd1 Bxd5 35. Rxd5 Kc7 36. Rd2 Rxh4 37. Rf2 Rh6 38. Kc3 Kd6 39. a4 bxa4
40. bxa4 Kc5 41. Rf3 a5 42. h3 Kd5 43. Rg3 f5 0-1

[Event "Bayern-chTT (RL Sued-Ost)"]
[Site "Bayern 2008/09"]
[Date "2008.11.30"]
[Round "3.5"]
[White "Heyne, Gerhard"]
[Black "Luft, Martin"]
[Result "1-0"]
[WhiteElo "1955"]
[BlackElo "2109"]
[PlyCount "95"]
[EventDate "2009.03.??"]
[EventType "team-tourn"]
[EventRounds "9"]
[WhiteTeam "Passau 2"]
[BlackTeam "Gräfelfing 1"]

1. e4 c5 2. c3 d5 3. exd5 Qxd5 4. d4 Nc6 5. Nf3 Bg4 6. Be2 cxd4 7. cxd4 e6 8.
Nc3 Qd8 9. d5 exd5 10. Qxd5 Qxd5 11. Nxd5 O-O-O 12. Nc3 Bb4 13. O-O Nf6 14. Bg5
Rhe8 15. Rfe1 h6 16. Bxf6 gxf6 17. h3 Be6 18. a3 Ba5 19. b4 Bc7 20. Rac1 Bf4
21. Rcd1 Rxd1 22. Bxd1 Ne5 23. Ne4 Nd3 24. Re2 Rd8 25. Rc2+ Kb8 26. Be2 Bf5 27.
Ng3 Be6 28. Nh5 Bc7 29. Rd2 Ne5 30. Rxd8+ Bxd8 31. Nd4 Ba2 32. Nf5 Nc4 33. Bxc4
Bxc4 34. Nxh6 Kc7 35. Nf5 Kc6 36. Nhg7 Bc7 37. h4 Be2 38. f3 Bxf3 39. gxf3 Kb5
40. Nd4+ Ka4 41. Ne2 f5 42. f4 Bd8 43. h5 Bf6 44. h6 Kxa3 45. Ng3 Kxb4 46.
N3xf5 a5 47. h7 Bxg7 48. Nxg7 1-0

[Event "Bayern-chTT (RL Sued-Ost)"]
[Site "Bayern 2008/09"]
[Date "2008.11.30"]
[Round "3.6"]
[White "Wuerdinger, Alexander"]
[Black "Bittner, Rudolf"]
[Result "1-0"]
[WhiteElo "2074"]
[BlackElo "1976"]
[PlyCount "51"]
[EventDate "2009.03.??"]
[EventType "team-tourn"]
[EventRounds "9"]
[WhiteTeam "Gräfelfing 1"]
[BlackTeam "Passau 2"]

1. e4 c5 2. Nc3 e6 3. Nf3 a6 4. d4 cxd4 5. Nxd4 Bb4 6. Bd3 Bxc3+ 7. bxc3 Qc7 8.
Qd2 Ne7 9. Ba3 d6 10. O-O O-O 11. Rae1 Rd8 12. f4 Nbc6 13. e5 dxe5 14. fxe5
Nxd4 15. cxd4 Nc6 16. c3 b5 17. Bc5 Bb7 18. Qf4 Rd7 19. Re3 f5 20. exf6 Qxf4
21. Rxf4 Re8 22. f7+ Rxf7 23. Bxh7+ Kxh7 24. Rxf7 Bc8 25. Rg3 Rg8 26. Bf8 1-0

[Event "Bayern-chTT (RL Sued-Ost)"]
[Site "Bayern 2008/09"]
[Date "2008.11.30"]
[Round "3.7"]
[White "Zboril, Josef"]
[Black "Schneider, Richard(60)"]
[Result "0-1"]
[WhiteElo "1735"]
[BlackElo "2100"]
[PlyCount "120"]
[EventDate "2009.03.??"]
[EventType "team-tourn"]
[EventRounds "9"]
[WhiteTeam "Passau 2"]
[BlackTeam "Gräfelfing 1"]

1. d4 d5 2. c4 e6 3. Nc3 Nf6 4. Nf3 Nbd7 5. g3 dxc4 6. e4 Nb6 7. Bxc4 Nxc4 8.
Qa4+ Bd7 9. Qxc4 Bc6 10. Bg5 Be7 11. Ne5 Bxe4 12. Nxe4 Nxe4 13. Bxe7 Qxe7 14.
Rc1 O-O 15. f3 Nd6 16. Qxc7 Qxc7 17. Rxc7 Rac8 18. Rxc8 Rxc8 19. Kd1 Nb5 20.
Kd2 f6 21. Nd3 Nxd4 22. f4 Rc2+ 23. Ke3 Nf5+ 24. Kf3 h5 25. Rc1 Rxc1 26. Nxc1
Kf7 27. Ke4 Ke7 28. Nd3 Kd6 29. b4 b6 30. b5 Ne7 31. Kd4 h4 32. Ke4 Nd5 33. Kd4
h3 34. a3 Nc7 35. a4 e5+ 36. Ke4 Ne6 37. fxe5+ fxe5 38. Nxe5 Nc5+ 39. Kd4 Nxa4
40. Nf7+ Kd7 41. Ng5 Nc5 42. Nxh3 a5 43. bxa6 Nxa6 44. Nf4 Nc7 45. Ke5 Ke7 46.
h4 b5 47. Nd5+ Nxd5 48. Kxd5 Kf6 49. g4 b4 50. Kc4 Ke5 51. Kxb4 Kf4 52. g5 Kg4
53. Kc4 Kxh4 54. Kd4 Kxg5 55. Ke3 Kg4 56. Kf2 Kh3 57. Kg1 Kg3 58. Kh1 g5 59.
Kg1 g4 60. Kh1 Kf2 0-1

[Event "Bayern-chTT (RL Sued-Ost)"]
[Site "Bayern 2008/09"]
[Date "2008.11.30"]
[Round "3.8"]
[White "Hock, Martin"]
[Black "Klinger, Joseph(52)"]
[Result "1-0"]
[WhiteElo "1990"]
[BlackElo "1792"]
[PlyCount "93"]
[EventDate "2009.03.??"]
[EventType "team-tourn"]
[EventRounds "9"]
[WhiteTeam "Gräfelfing 1"]
[BlackTeam "Passau 2"]

1. Nf3 d5 2. b3 Nf6 3. Bb2 e6 4. e3 Be7 5. Be2 b6 6. O-O Ba6 7. c4 dxc4 8. bxc4
O-O 9. Ne5 Bb7 10. f4 Nbd7 11. d3 Nxe5 12. fxe5 Nd7 13. d4 Be4 14. Nd2 Bg6 15.
Bf3 Rb8 16. Qe2 f5 17. exf6 Bxf6 18. Ne4 Bxe4 19. Bxe4 Bg5 20. Qd3 Rxf1+ 21.
Rxf1 Nf6 22. Bf3 Qe7 23. e4 Rd8 24. e5 Nd7 25. Qe2 Nf8 26. Bc6 Ng6 27. Rf3 Qb4
28. Bc3 Qe7 29. Qe1 a5 30. Bb2 Bh6 31. g3 Qg5 32. Qf2 Ne7 33. Be4 Qg4 34. Bc2
Bg5 35. Kg2 Qh5 36. Ba3 c5 37. h4 Bh6 38. Rd3 Rf8 39. Qe1 Ng6 40. Qe4 Bf4 41.
Bd1 Nxh4+ 42. Kh3 Qf5+ 43. Qxf5 Nxf5 44. gxf4 Nxd4 45. Rxd4 cxd4 46. Bxf8 Kxf8
47. Kg4 1-0

[Event "Bayern-chTT (RL Sued-Ost)"]
[Site "Bayern 2008/09"]
[Date "2008.11.30"]
[Round "3.1"]
[White "Lammers, Markus"]
[Black "Huch, Reiner"]
[Result "0-1"]
[WhiteElo "2244"]
[BlackElo "2251"]
[PlyCount "84"]
[EventDate "2009.03.??"]
[EventType "team-tourn"]
[EventRounds "9"]
[WhiteTeam "Ilmmünster 1"]
[BlackTeam "Trostberg 1"]

1. e4 e6 2. d4 d5 3. Nc3 Nf6 4. e5 Nfd7 5. Nce2 c5 6. c3 Nc6 7. f4 f5 8. Nf3
Be7 9. g3 O-O 10. Bg2 b5 11. O-O b4 12. Be3 Ba6 13. Rf2 Qa5 14. Nc1 bxc3 15.
Nb3 Qa4 16. Nxc5 Nxc5 17. dxc5 cxb2 18. Rxb2 Qa5 19. Kh1 Rac8 20. Rc1 Rfd8 21.
Qg1 Bc4 22. Qf2 Rd7 23. Rd2 Rdc7 24. Rxc4 dxc4 25. Rc2 c3 26. Ne1 Nb4 27. Rxc3
Bxc5 28. Qd2 Nxa2 29. Rd3 Qxd2 30. Bxd2 Bb4 31. Kg1 Rc1 32. Kf2 Bxd2 33. Rxd2
Nb4 34. Rd6 Re8 35. Bf1 Kf7 36. Nf3 h6 37. Nd4 Re7 38. Rd8 a6 39. Be2 Rcc7 40.
Rb8 Rb7 41. Rh8 Red7 42. Nb3 Nd3+ 0-1

[Event "Bayern-chTT (RL Sued-Ost)"]
[Site "Bayern 2008/09"]
[Date "2008.11.30"]
[Round "3.2"]
[White "Kern, Johannes Dr(61)"]
[Black "Huber, Edwin(70)"]
[Result "1-0"]
[WhiteElo "2135"]
[BlackElo "2077"]
[PlyCount "99"]
[EventDate "2009.03.??"]
[EventType "team-tourn"]
[EventRounds "9"]
[WhiteTeam "Trostberg 1"]
[BlackTeam "Ilmmünster 1"]

1. f4 e5 2. fxe5 Nc6 3. Nc3 d6 4. exd6 Bxd6 5. Nf3 g5 6. Nb5 g4 7. Nxd6+ Qxd6
8. Ng1 Bf5 9. d3 O-O-O 10. Qd2 Nf6 11. Qf4 Qd7 12. Bd2 Nd5 13. Qf2 Ndb4 14.
Bxb4 Nxb4 15. Qc5 Na6 16. Qc3 Qe6 17. a3 Rhe8 18. O-O-O Qe3+ 19. Qd2 Qf2 20. e4
Qxd2+ 21. Rxd2 Bg6 22. Ne2 Nc5 23. Nf4 f5 24. exf5 Bxf5 25. Be2 Re3 26. b4 Na4
27. Bd1 Nc3 28. Kb2 Nb5 29. Re2 Rde8 30. Rhe1 Rxe2 31. Rxe2 Rxe2 32. Nxe2 Kd7
33. c4 Nd6 34. Kc3 Ke6 35. Nd4+ Ke5 36. Nxf5 Kxf5 37. Kd4 h5 38. a4 h4 39. c5
Ne8 40. Ke3 Nf6 41. Bb3 b6 42. d4 Nh5 43. Bc2+ Kg5 44. Be4 Nf4 45. d5 bxc5 46.
bxc5 h3 47. g3 Nh5 48. d6 cxd6 49. c6 d5 50. c7 1-0

[Event "Bayern-chTT (RL Sued-Ost)"]
[Site "Bayern 2008/09"]
[Date "2008.11.30"]
[Round "3.3"]
[White "Loder, Wilhelm"]
[Black "Hartl, Aldo"]
[Result "0-1"]
[WhiteElo "2096"]
[BlackElo "2063"]
[PlyCount "78"]
[EventDate "2009.03.??"]
[EventType "team-tourn"]
[EventRounds "9"]
[WhiteTeam "Ilmmünster 1"]
[BlackTeam "Trostberg 1"]

1. e4 e5 2. Nf3 Nf6 3. Nxe5 d6 4. Nf3 Nxe4 5. Nc3 Nxc3 6. dxc3 Be7 7. Bf4 Nd7
8. Qd2 O-O 9. O-O-O Nc5 10. Nd4 Ne6 11. Be3 Nxd4 12. cxd4 f5 13. Kb1 c6 14. g3
Be6 15. Bg2 Bf7 16. Bf3 Qb6 17. d5 c5 18. Bg5 Rae8 19. h4 h6 20. Bxe7 Rxe7 21.
Qf4 Re5 22. g4 fxg4 23. Bg2 Bg6 24. Qd2 c4 25. Rhf1 Ref5 26. f3 gxf3 27. Bh3
Re5 28. Be6+ Kh7 29. Qc3 Re2 30. Rc1 f2 31. Qxc4 Qe3 32. Qb4 Qf4 33. Qxb7 Qxc1+
34. Kxc1 Re1+ 35. Kd2 Rxf1 36. Bh3 Rh1 37. Bg2 Rg1 38. Bh3 Bf5 39. Qe7 Bxh3 0-1

[Event "Bayern-chTT (RL Sued-Ost)"]
[Site "Bayern 2008/09"]
[Date "2008.11.30"]
[Round "3.4"]
[White "Moser, Wolfgang(48)"]
[Black "Seisenberger, Georg"]
[Result "1-0"]
[WhiteElo "2063"]
[BlackElo "2051"]
[PlyCount "103"]
[EventDate "2009.03.??"]
[EventType "team-tourn"]
[EventRounds "9"]
[WhiteTeam "Trostberg 1"]
[BlackTeam "Ilmmünster 1"]

1. e4 c5 2. Nf3 e6 3. d4 cxd4 4. Nxd4 a6 5. c4 Nf6 6. Nc3 Bb4 7. Bd3 Nc6 8.
Nxc6 bxc6 9. O-O e5 10. Be3 d6 11. Na4 Rb8 12. a3 Ba5 13. b4 Bc7 14. h3 O-O 15.
f4 d5 16. cxd5 cxd5 17. Bc5 dxe4 18. Bc4 exf4 19. Qb3 Bd6 20. Rad1 Bxc5+ 21.
Nxc5 Qc7 22. Rd4 f3 23. Nxe4 Nxe4 24. Rxe4 Bb7 25. Bd5 fxg2 26. Kxg2 Rbd8 27.
Bxb7 Qxb7 28. Qf3 Rd6 29. Rg4 Rd2+ 30. Kg3 Qd7 31. Qf4 Qd5 32. Qe4 Qd6+ 33. Qf4
Qd5 34. Qe4 Qa2 35. Rf3 g6 36. Qc4 Rg2+ 37. Kh4 Qxc4 38. Rxc4 Rd8 39. Rg4 Rxg4+
40. hxg4 h6 41. Rb3 Rd4 42. Kg3 Kg7 43. a4 Rd6 44. b5 Rb6 45. a5 Rb7 46. b6 Kf6
47. Rc3 Rd7 48. Rc7 Rd3+ 49. Kf4 Rd5 50. b7 Rd8 51. Rc8 Rd4+ 52. Kf3 1-0

[Event "Bayern-chTT (RL Sued-Ost)"]
[Site "Bayern 2008/09"]
[Date "2008.11.30"]
[Round "3.5"]
[White "Reischl, Markus"]
[Black "Endthaler, Arnold"]
[Result "1/2-1/2"]
[WhiteElo "2058"]
[BlackElo "2042"]
[PlyCount "58"]
[EventDate "2009.03.??"]
[EventType "team-tourn"]
[EventRounds "9"]
[WhiteTeam "Ilmmünster 1"]
[BlackTeam "Trostberg 1"]

1. d4 Nf6 2. c4 g6 3. Nc3 Bg7 4. e4 d6 5. Nf3 O-O 6. Be2 e5 7. Be3 Ng4 8. Bg5
f6 9. Bd2 Nh6 10. d5 a5 11. a3 Nd7 12. b4 b6 13. O-O Nf7 14. Bd3 Bh6 15. Na4
Bxd2 16. Qxd2 Qe8 17. Qc2 axb4 18. axb4 g5 19. c5 bxc5 20. bxc5 Ra5 21. cxd6
cxd6 22. Rfc1 Nc5 23. Nxc5 Rxc5 24. Qb3 Rxc1+ 25. Rxc1 Bg4 26. Nd2 Qb8 27. Bb5
Rc8 28. Rxc8+ Qxc8 29. Qc4 Qxc4 1/2-1/2

[Event "Bayern-chTT (RL Sued-Ost)"]
[Site "Bayern 2008/09"]
[Date "2008.11.30"]
[Round "3.6"]
[White "Steinberg, Sven"]
[Black "Kampert, Andreas"]
[Result "1/2-1/2"]
[WhiteElo "1974"]
[BlackElo "2057"]
[PlyCount "91"]
[EventDate "2009.03.??"]
[EventType "team-tourn"]
[EventRounds "9"]
[WhiteTeam "Trostberg 1"]
[BlackTeam "Ilmmünster 1"]

1. e4 Nf6 2. Nc3 d5 3. e5 d4 4. exf6 dxc3 5. fxg7 cxd2+ 6. Qxd2 Qxd2+ 7. Bxd2
Bxg7 8. O-O-O Be6 9. a3 Nd7 10. Nf3 c6 11. Re1 Bf6 12. Ng5 Bf5 13. Ne4 Bxe4 14.
Rxe4 O-O-O 15. Re1 Nb6 16. Bf4 Rd5 17. Bd3 e6 18. g4 Bg5 19. Bxg5 Rxg5 20. f3
h6 21. h4 Rg7 22. Be4 Rd8 23. Rd1 Rxd1+ 24. Rxd1 Rg8 25. b3 Kc7 26. Rd4 Rd8 27.
Rxd8 Kxd8 28. Kd2 Ke7 29. c4 a5 30. Kc3 Kd6 31. b4 axb4+ 32. axb4 Nd7 33. f4 f6
34. g5 fxg5 35. fxg5 hxg5 36. hxg5 Ke5 37. Bh7 b6 38. Kd3 c5 39. b5 Nf8 40. Be4
Nd7 41. Ke3 Nf8 42. Bd3 Nd7 43. Bc2 Nf8 44. Be4 Nd7 45. Bc6 Nf8 46. Be4 1/2-1/2

[Event "Bayern-chTT (RL Sued-Ost)"]
[Site "Bayern 2008/09"]
[Date "2008.11.30"]
[Round "3.7"]
[White "Schwertler, Philipp"]
[Black "Penn, Peter"]
[Result "0-1"]
[WhiteElo "1932"]
[BlackElo "1882"]
[PlyCount "56"]
[EventDate "2009.03.??"]
[EventType "team-tourn"]
[EventRounds "9"]
[WhiteTeam "Ilmmünster 1"]
[BlackTeam "Trostberg 1"]

1. d4 Nf6 2. c4 e6 3. Nc3 Bb4 4. Nf3 O-O 5. Bg5 h6 6. Bh4 g5 7. Nxg5 hxg5 8.
Bxg5 d5 9. e3 Kg7 10. Qf3 Rh8 11. h4 Be7 12. Bxf6+ Bxf6 13. cxd5 Rxh4 14. Rxh4
Bxh4 15. O-O-O Qf6 16. Qg4+ Qg5 17. Qe2 exd5 18. g3 Bxg3 19. f4 Bxf4 20. Nxd5
Qxd5 21. exf4 Nc6 22. Bg2 Nxd4 23. Qe3 Qc5+ 24. Kd2 Bf5 25. Qg3+ Bg6 26. Be4
Nf5 27. Bxf5 Qxf5 28. Qc3+ Qf6 0-1

[Event "Bayern-chTT (RL Sued-Ost)"]
[Site "Bayern 2008/09"]
[Date "2008.11.30"]
[Round "3.1"]
[White "Zill, Christoph"]
[Black "Ploehn, Heiko"]
[Result "0-1"]
[WhiteElo "2157"]
[BlackElo "2128"]
[PlyCount "114"]
[EventDate "2009.03.??"]
[EventType "team-tourn"]
[EventRounds "9"]
[WhiteTeam "Freising 1"]
[BlackTeam "Landshut 1"]

1. e4 e6 2. d4 d5 3. Nc3 Bb4 4. e5 c5 5. a3 Bxc3+ 6. bxc3 Qa5 7. Bd2 Qa4 8. Nf3
c4 9. g3 Nc6 10. Bh3 Bd7 11. O-O O-O-O 12. Nh4 Nge7 13. f4 g6 14. Ng2 Rdf8 15.
Ne3 h5 16. Qe2 Nf5 17. Bxf5 gxf5 18. Be1 Rfg8 19. Kh1 Rg6 20. Ng2 Ne7 21. Nh4
Rg7 22. Nf3 Qa6 23. Bf2 Ba4 24. Be3 Qa5 25. Qd2 Ng6 26. h3 Nf8 27. Kh2 Rhg8 28.
Ng5 Nd7 29. Rg1 Nb6 30. g4 hxg4 31. hxg4 fxg4 32. Rxg4 Be8 33. f5 exf5 34. Rh4
Na4 35. Rg1 Qxc3 36. Qxc3 Nxc3 37. Nh7 Rxg1 38. Bxg1 Rh8 39. Bf2 Ne4 40. Nf6
Rxh4+ 41. Bxh4 Nxf6 42. Bxf6 Ba4 43. c3 f4 44. Bg5 f3 45. Kg3 Bd1 46. Be3 Kd7
47. Kf4 Ke6 48. Bf2 b5 49. Ke3 Kf5 50. Be1 Kg4 51. Kd2 Be2 52. Ke3 Kh3 53. Kf2
Bd1 54. Bd2 Kg4 55. Bh6 Kf5 56. Ke3 a6 57. Kd2 f2 0-1

[Event "Bayern-chTT (RL Sued-Ost)"]
[Site "Bayern 2008/09"]
[Date "2008.11.30"]
[Round "3.2"]
[White "Nurbekoglu, Michael"]
[Black "Knitl, Anton"]
[Result "0-1"]
[WhiteElo "2038"]
[BlackElo "2144"]
[PlyCount "126"]
[EventDate "2009.03.??"]
[EventType "team-tourn"]
[EventRounds "9"]
[WhiteTeam "Landshut 1"]
[BlackTeam "Freising 1"]

1. e4 c5 2. c3 d5 3. exd5 Qxd5 4. d4 Nc6 5. Nf3 Bg4 6. Be2 cxd4 7. cxd4 e6 8.
h3 Bh5 9. Nc3 Qa5 10. O-O Nf6 11. Be3 Bd6 12. a3 O-O 13. b4 Qd8 14. Qb3 Ne7 15.
Ne5 Bxe2 16. Nxe2 Nfd5 17. Rfd1 Rc8 18. Rac1 Rxc1 19. Bxc1 Qc7 20. Bb2 Rc8 21.
Rc1 Qd8 22. Nc3 Nxc3 23. Rxc3 Rxc3 24. Qxc3 Nd5 25. Qc2 Bxe5 26. dxe5 Nb6 27.
Qe4 Qd1+ 28. Kh2 Qd5 29. Qe3 h6 30. Bc3 Qc6 31. Bd4 Nc4 32. Qb3 a6 33. a4 Qd5
34. Qc3 b5 35. a5 Qe4 36. f3 Qf4+ 37. Kg1 Qg3 38. Kf1 Qg6 39. Bc5 Qf5 40. Bd4
Qf4 41. Kf2 Qf5 42. Qe1 Qd3 43. Bc5 Qd5 44. f4 Nb2 45. Kg3 Nd3 46. Qe3 Qc4 47.
Qf3 Nxc5 48. Qa8+ Kh7 49. bxc5 Qxc5 50. Qxa6 Qe3+ 51. Kh2 Qxf4+ 52. Kh1 Qa4 53.
Qa8 b4 54. Qe4+ g6 55. Qb7 Kg7 56. a6 b3 57. a7 b2 58. Qxb2 Qxa7 59. Qe2 Qd4
60. Qe1 Qf4 61. Qa5 g5 62. Qa1 h5 63. Qc3 g4 0-1

[Event "Bayern-chTT (RL Sued-Ost)"]
[Site "Bayern 2008/09"]
[Date "2008.11.30"]
[Round "3.3"]
[White "Bauer, Robert(67)"]
[Black "Schmaus, Horst(56)"]
[Result "0-1"]
[WhiteElo "2060"]
[BlackElo "2033"]
[PlyCount "80"]
[EventDate "2009.03.??"]
[EventType "team-tourn"]
[EventRounds "9"]
[WhiteTeam "Freising 1"]
[BlackTeam "Landshut 1"]

1. e4 c5 2. Nf3 e6 3. d4 cxd4 4. Nxd4 Nf6 5. Nc3 d6 6. g4 e5 7. Nf5 h5 8. g5
Nxe4 9. Nxg7+ Bxg7 10. Nxe4 d5 11. Nf6+ Bxf6 12. gxf6 Be6 13. Bg5 Qb6 14. b3
Nc6 15. Be2 O-O-O 16. Qd2 Rd7 17. O-O-O Qxf2 18. Rdf1 Qd4 19. c3 Qxd2+ 20. Bxd2
d4 21. Rhg1 e4 22. cxd4 Nxd4 23. Bd1 Bg4 24. Bxg4 hxg4 25. Rxg4 Rxh2 26. Rxe4
Ne2+ 27. Kc2 Rxd2+ 28. Kxd2 Ng3+ 29. Kd3 Nxf1 30. Re8+ Kc7 31. Re7+ Kc6 32.
Rxf7 Rxa2 33. Rf8 Rf2 34. f7 Kb6 35. Kd4 a5 36. Ke5 Nd2 37. Rd8 Rxf7 38. Rxd2
Rf3 39. Rd6+ Kb5 40. Rd5+ Kb4 0-1

[Event "Bayern-chTT (RL Sued-Ost)"]
[Site "Bayern 2008/09"]
[Date "2008.11.30"]
[Round "3.4"]
[White "Schmidt, Wolfgang(12.62)"]
[Black "Trapp, Maximilian"]
[Result "1/2-1/2"]
[WhiteElo "2276"]
[BlackElo "2078"]
[PlyCount "164"]
[EventDate "2009.03.??"]
[EventType "team-tourn"]
[EventRounds "9"]
[WhiteTeam "Landshut 1"]
[BlackTeam "Freising 1"]

1. e4 d5 2. exd5 Nf6 3. d4 Nxd5 4. Nf3 Bg4 5. h3 Bh5 6. g4 Bg6 7. Ne5 Nd7 8.
Nxg6 hxg6 9. Bg2 c6 10. c4 N5b6 11. Qe2 e6 12. Nc3 Bb4 13. O-O O-O 14. Rd1 Re8
15. Ne4 Be7 16. Bf4 Nf6 17. Ng5 Nh5 18. gxh5 Bxg5 19. Bxg5 Qxg5 20. hxg6 Qxg6
21. Rd3 Rad8 22. Rad1 Qf6 23. b3 Re7 24. Qh5 Red7 25. Rf3 Qh6 26. Qe5 Nc8 27.
Rg3 Nd6 28. Be4 Nxe4 29. Qxe4 Qf6 30. Rg4 Qh6 31. Rh4 Qg5+ 32. Kh1 g6 33. Rd3
Qf6 34. Rf4 Qg7 35. Rff3 Rxd4 36. Qe2 c5 37. Rxd4 Qxd4 38. Kg2 Kg7 39. Re3 b6
40. Qf3 Rd7 41. Qc6 Re7 42. Rf3 Qd7 43. Qe4 e5 44. Rd3 Qe6 45. Rd8 f5 46. Qa8
f4 47. Qe4 f3+ 48. Qxf3 Rf7 49. Qa8 Qf6 50. Kh1 e4 51. Rd2 Qf5 52. Qd5 Qxh3+
53. Kg1 Rf5 54. Qd8 Qg4+ 55. Kf1 Rf7 56. Qd6 Qh5 57. Qe6 Qh1+ 58. Ke2 Qg1 59.
Qe5+ Kh7 60. Qg3 Qxg3 61. fxg3 Kh6 62. Ke3 Kg5 63. Kxe4 Kg4 64. Rd5 Rf1 65. Ke5
Kxg3 66. Rd7 g5 67. Rxa7 g4 68. Rb7 Kh2 69. Rxb6 g3 70. Rh6+ Kg1 71. Rg6 g2 72.
Kd5 Rf5+ 73. Kc6 Kf2 74. a4 g1=Q 75. Rxg1 Kxg1 76. a5 Rf3 77. Kxc5 Rxb3 78. a6
Ra3 79. Kb6 Rb3+ 80. Kc6 Ra3 81. Kb7 Rb3+ 82. Kc6 Ra3 1/2-1/2

[Event "Bayern-chTT (RL Sued-Ost)"]
[Site "Bayern 2008/09"]
[Date "2008.11.30"]
[Round "3.5"]
[White "Dost, Andreas"]
[Black "Wist, Alexander"]
[Result "0-1"]
[WhiteElo "2012"]
[BlackElo "2079"]
[PlyCount "74"]
[EventDate "2009.03.??"]
[EventType "team-tourn"]
[EventRounds "9"]
[WhiteTeam "Freising 1"]
[BlackTeam "Landshut 1"]

1. c4 Nf6 2. g3 c5 3. Bg2 g6 4. Nf3 Bg7 5. Nc3 O-O 6. d4 d6 7. O-O Nc6 8. dxc5
dxc5 9. Be3 Qa5 10. Qa4 Be6 11. Nd2 Qb6 12. Nd5 Bxd5 13. cxd5 Nd4 14. Nc4 Qd8
15. Rfd1 b5 16. Qa6 bxc4 17. Qxc4 Rc8 18. Bg5 h6 19. Bf4 Ne8 20. g4 Qb6 21. e3
Nb5 22. a4 Nbd6 23. Qf1 Nf6 24. h3 Nd7 25. a5 Qb5 26. Qe1 Rb8 27. Rab1 Qb4 28.
Qe2 Rb7 29. e4 Rfb8 30. Bg3 Qb5 31. Qe1 Ne5 32. Kh1 Nd3 33. Qd2 Nxb2 34. e5
Ndc4 35. Qe1 Qxa5 36. d6 Nxd1 37. Rxb7 Qxe1+ 0-1

[Event "Bayern-chTT (RL Sued-Ost)"]
[Site "Bayern 2008/09"]
[Date "2008.11.30"]
[Round "3.6"]
[White "Neubauer, Andreas(78)"]
[Black "Lanzinner, Denis"]
[Result "1/2-1/2"]
[WhiteElo "2056"]
[BlackElo "1971"]
[PlyCount "72"]
[EventDate "2009.03.??"]
[EventType "team-tourn"]
[EventRounds "9"]
[WhiteTeam "Landshut 1"]
[BlackTeam "Freising 1"]

1. Nf3 d6 2. d4 Nf6 3. c4 g6 4. Nc3 Bg7 5. e4 O-O 6. Be2 Na6 7. O-O e5 8. a3
exd4 9. Nxd4 Nc5 10. f3 Nfd7 11. Be3 Ne5 12. f4 Nc6 13. f5 Nxd4 14. Bxd4 Bxd4+
15. Qxd4 Nb3 16. Qe3 Nxa1 17. f6 Kh8 18. Nd5 Nc2 19. Qd2 c6 20. Ne7 Qb6+ 21.
Kh1 Ne3 22. Rf4 a5 23. Rh4 Qc5 24. g3 Be6 25. b3 d5 26. exd5 cxd5 27. Bd3 d4
28. Qf2 Qxa3 29. h3 Qc1+ 30. Kh2 Nd1 31. Qf1 Qd2+ 32. Kg1 Qe3+ 33. Kg2 Qd2+ 34.
Kf3 Qe3+ 35. Kg2 Qd2+ 36. Kf3 Qe3+ 1/2-1/2

[Event "Bayern-chTT (RL Sued-Ost)"]
[Site "Bayern 2008/09"]
[Date "2008.11.30"]
[Round "3.7"]
[White "Wolf, Dietrich Hans(36)"]
[Black "Siebert, Joachim"]
[Result "1-0"]
[WhiteElo "1938"]
[BlackElo "1899"]
[PlyCount "105"]
[EventDate "2009.03.??"]
[EventType "team-tourn"]
[EventRounds "9"]
[WhiteTeam "Freising 1"]
[BlackTeam "Landshut 1"]

1. e4 e6 2. d4 d5 3. Nc3 Nf6 4. e5 Nfd7 5. f4 c5 6. Nf3 Nc6 7. Ne2 f6 8. c3 Be7
9. Be3 c4 10. Qd2 b5 11. a3 O-O 12. Ng3 f5 13. Be2 Nb6 14. O-O Bd7 15. Bd1 Na5
16. Qf2 Nc6 17. h3 a5 18. Ne2 b4 19. Bc2 Na7 20. g4 g6 21. gxf5 exf5 22. Kg2
Nb5 23. Bc1 Nc7 24. h4 Ne6 25. Bd2 bxa3 26. bxa3 Ba4 27. Bxa4 Nxa4 28. Rfb1 Rb8
29. Bc1 Rb3 30. Nd2 Bxh4 31. Qf3 Rxb1 32. Rxb1 g5 33. Rb5 g4 34. Qxd5 Qxd5+ 35.
Rxd5 Nxc3 36. Nxc3 Nxf4+ 37. Kf1 Nxd5 38. Nxd5 Rd8 39. Ne3 Rxd4 40. Ndxc4 f4
41. Bb2 Re4 42. Ng2 Rxc4 43. Nxh4 Kf7 44. Nf5 Rc2 45. e6+ Ke8 46. Bf6 Rc7 47.
e7 Rxe7 48. Bxe7 Kf7 49. Bd8 a4 50. Nh6+ Kg6 51. Nxg4 Kf5 52. Nf2 h5 53. Kg2
1-0

[Event "Bayern-chTT (RL Sued-Ost)"]
[Site "Bayern 2008/09"]
[Date "2008.11.30"]
[Round "3.8"]
[White "Kunz, Heinz(65)"]
[Black "Voggenreiter, Simon"]
[Result "1/2-1/2"]
[WhiteElo "1856"]
[BlackElo "1610"]
[PlyCount "33"]
[EventDate "2009.03.??"]
[EventType "team-tourn"]
[EventRounds "9"]
[WhiteTeam "Landshut 1"]
[BlackTeam "Freising 1"]

1. c4 Nf6 2. Nc3 e5 3. Nf3 Nc6 4. e3 Bb4 5. Qc2 O-O 6. Nd5 Bc5 7. a3 a5 8. Ng5
g6 9. h4 d6 10. h5 Nxd5 11. cxd5 Qxg5 12. dxc6 Bb6 13. hxg6 fxg6 14. Bc4+ Kg7
15. Bd5 bxc6 16. Bxc6 Rb8 17. Qe4 1/2-1/2

[Event "Bayern-chTT (RL Sued-Ost)"]
[Site "Bayern 2008/09"]
[Date "2008.11.30"]
[Round "3.1"]
[White "Wahrlich, Andreas"]
[Black "Zenker, Ulrich"]
[Result "1-0"]
[WhiteElo "2031"]
[BlackElo "2163"]
[PlyCount "79"]
[EventDate "2009.03.??"]
[EventType "team-tourn"]
[EventRounds "9"]
[WhiteTeam "Waldkraiburg 1"]
[BlackTeam "Ebersberg 1"]

1. d4 d6 2. Nf3 Nf6 3. c4 Nbd7 4. g3 e5 5. Bg2 Be7 6. O-O O-O 7. b3 c6 8. dxe5
dxe5 9. Bb2 Qc7 10. Qc2 Re8 11. Nbd2 Bf8 12. Nh4 Nc5 13. a3 a5 14. Bc3 Bg4 15.
Rfe1 Qc8 16. Rad1 Qe6 17. Ndf3 Nce4 18. Bb2 Bc5 19. e3 g5 20. Nxe5 Bxd1 21.
Rxd1 gxh4 22. Bxe4 Nxe4 23. Qxe4 hxg3 24. hxg3 Rad8 25. Rxd8 Rxd8 26. Qf4 Rd1+
27. Kg2 Bf8 28. Ng4 f5 29. Nf6+ Kf7 30. Qh4 Bg7 31. Qh5+ Kf8 32. Qxd1 Bxf6 33.
Bxf6 Qxf6 34. Qd7 Qb2 35. Qc8+ Kg7 36. Qxb7+ Kg8 37. Qc8+ Kg7 38. Qd7+ Kg8 39.
Qd8+ Kg7 40. Qd4+ 1-0